000 00312nam a22001337a 4500
008 170802b xxu||||| |||| 00| 0 eng d
020 _a3540096124
041 _aeng
080 _a004
100 _a32
101 _aSHK
245 _aMODELLING AND OPTIMIZATION OF COMPLEX SYSTEM
_cMARCHUK,G.I
942 _2udc
_cBK
999 _c22468
_d22468